[Event "Bundesliga 1112"]
[Site "Germany"]
[Date "2011.11.19"]
[Round "4.5"]
[White "Malakhatko, Vadim"]
[Black "Ribli, Zoltan"]
[Result "1/2-1/2"]
[WhiteElo "2543"]
[BlackElo "2588"]
[Annotator "RR"]
[PlyCount "141"]
[EventDate "2011.10.14"]
[EventType "team-tourn"]
[EventRounds "15"]
[EventCountry "GER"]
[SourceTitle "CBM 146"]
[Source "ChessBase"]
[SourceDate "2012.01.18"]
[SourceVersion "1"]
[SourceVersionDate "2012.01.18"]
[SourceQuality "1"]
[WhiteTeam "Muelheim Nord"]
[BlackTeam "Hockenheim"]
[WhiteTeamCountry "GER"]
[BlackTeamCountry "GER"]

1. d4 d5 2. c4 c6 3. Nf3 Nf6 4. Qb3 dxc4 5. Qxc4 Bg4 6. Nbd2 Nbd7 7. g3 e6 8.
Bg2 Be7 9. O-O O-O 10. Re1 Rc8 11. Qb3 Qb6 12. Nc4 Qa6 13. Nfe5 b5 14. Nxg4
bxc4 15. Qf3 c5 16. dxc5 Bxc5 17. Nxf6+ Nxf6 18. Bd2 Nd5 19. Bf1 Qb6 20. Rab1
Nb4 21. Bxb4 Bxb4 22. Rec1 Bd2 23. Rc2 c3 24. e3 Rfd8 25. Qe2 Qb4 26. Bg2 Qa4
27. b3 Qa5 28. Qf3 g6 29. Bf1 Qb4 30. Bg2 a5 31. Qe4 Qd6 32. Bf1 Rb8 33. Rd1
Qb4 34. Qxb4 axb4 35. Ra1 Ra8 36. Bb5 Kf8 37. Kf1 Ke7 38. Ke2 Kd6 39. a4 bxa3
40. Ba4 Kc5 41. Rxa3 Kb4 42. Ra1 Ra5 43. h4 f5 44. Rca2 e5 45. Rd1 f4 46. gxf4
exf4 47. Rg1 Rf5 48. Rg4 $2 (48. Bc6 Ra5 49. Rxa5 $17) 48... Bc1 $19 49. Rc2
Bb2 $2 (49... h5 50. Rxf4+ Rxf4 $19) 50. Rxf4+ $17 Rxf4 51. exf4 Rd5 52. Bc6
Rh5 53. Kd3 Rc5 54. Be4 Kxb3 55. f3 Ba3 56. h5 gxh5 57. f5 Rc8 58. Bd5+ Kb4 59.
f6 Rd8 60. Kd4 h4 61. Rh2 Kb5 62. Ke4 Re8+ 63. Kd3 Rd8 64. Ke4 Kc5 65. Bb3 Re8+
66. Kd3 Re5 67. Rxh4 Rf5 68. f7 Rxf3+ 69. Ke2 Rf6 70. Rh6 Rxf7 71. Bxf7 1/2-1/2

[Event "EU-Cup 26th"]
[Site "Plovdiv"]
[Date "2010.10.20"]
[Round "4.6"]
[White "Roiz, Michael"]
[Black "Savchenko, Boris"]
[Result "1/2-1/2"]
[WhiteElo "2637"]
[BlackElo "2627"]
[Annotator "Roiz,M"]
[PlyCount "49"]
[EventDate "2010.10.17"]
[EventType "team-swiss"]
[EventRounds "7"]
[EventCountry "BUL"]
[SourceTitle "CBM 139"]
[Source "ChessBase"]
[SourceDate "2010.11.18"]
[SourceVersion "1"]
[SourceVersionDate "2010.11.18"]
[SourceQuality "1"]
[WhiteTeam "Economist SGSEU"]
[BlackTeam "Moscow ShSM-64"]
[WhiteTeamCountry "RUS"]
[BlackTeamCountry "RUS"]

1. Nf3 d5 2. d4 Nf6 3. c4 c6 4. Qb3 dxc4 5. Qxc4 Bf5 (5... Bg4 $5 6. Nc3 Nbd7
7. e4 Bxf3 8. gxf3 e5 {is another line which leads to sharper play.}) 6. g3
Nbd7 7. Bg2 e6 8. O-O Be7 9. e3 ({Nowadays Black is doing well in the modern
line} 9. Nc3 O-O 10. Re1 Ne4 ({or} 10... Bg6)) 9... O-O 10. Rd1 {That order of
moves has gained some popularity lately.} (10. Nc3 Ne4 ({Or} 10... b5 $5) 11.
Nd2 Nxd2 12. Bxd2 e5 {is very comfortable for Black.}) 10... h6 $5 {Black may
be able to afford this move, since White's last moves were not too aggressive}
(10... Qc7 11. Nc3 e5 {looks like the most principled line}) 11. Qe2 ({After} 
11. Nc3 Qc7 {White can hardly find anything better than} 12. Qe2) 11... Qc7 12.
Nc3 e5 $1 $146 {This thematic move should solve Black's problems.} (12... Ne4
13. Nd2 (13. Ne1 Ndf6 14. f3 Nxc3 15. bxc3 e5 16. e4 Be6 17. Be3 $14 {1/2-1/2
Quinn,M (2346)-Cifuentes Parada,R (2557)/Benasque 1999/EXT 2001 (63)}) 13...
Nxc3 14. bxc3 c5 15. e4 Bh7 16. Nc4 cxd4 17. cxd4 Rac8 18. Ne3 $14 {1-0
Sosonko,G (2535)-Sellos,D (2410)/Cannes 1995/CBM 046 ext (40)}) 13. e4 {
That was played after 25 minutes of meditation. The alternatives looked very
soft.} (13. dxe5 Nxe5 14. Nxe5 (14. Nd4 Bg4 15. f3 Bd7 16. e4 c5 (16... Rfd8
$11)) 14... Qxe5 15. e4 Bg4 16. f3 Be6 17. f4 (17. Be3 Bc5 $11) 17... Qa5 $11)
(13. h3 Rad8 14. e4 Bh7 15. dxe5 Nxe5 16. Nxe5 Rxd1+ 17. Qxd1 Qxe5 $11) 13...
Bg4 14. h3 Bxf3 ({Of course, Black has no reason to grab the pawn:} 14... exd4
$6 15. hxg4 dxc3 16. Bf4 $36) 15. Qxf3 {At this moment i was still quite
optimistic and hoped to use the power of my bishop pair in the future.} (15.
Bxf3 $6 exd4 16. Rxd4 Bc5 17. Bf4 Ne5 18. Rd2 g5 $1 $15) 15... exd4 16. Rxd4
Bc5 17. Rd1 Rfe8 $1 {The most accurate move.} (17... Rad8 18. Be3 Ne5 19. Qe2
Bxe3 20. Qxe3 {could be promising for White.}) 18. Bf4 ({After} 18. Be3 $5 {
I didn't like} Bb4 ({Perhaps Black may equalise by} 18... Rad8 $11) {but it
seems that White could try:} 19. Qf5 $1 Re5 $140 20. Bf4 Bxc3 21. bxc3 Rxf5 22.
Bxc7 Rc5 23. Rab1 $14) 18... Ne5 19. Qe2 Rad8 {Now all Boris' pieces are on
their optimal squares, so I had to be accurate..} 20. Be3 ({I could also try:} 
20. Rac1 g5 21. Be3 Bxe3 22. Qxe3 {but i don't believe Black has any problems
let's say after} Qb6) 20... Qa5 $1 {Black finds the most unpleasant moves and
prevents White from pushing his pawns.} (20... Bxe3 21. Qxe3 b5 22. b3 $14 {
[%cal Gf2f4]}) 21. a3 {This move has a clear drawback, but I couldn't find
anything better.} (21. Bxc5 Qxc5 22. Kh2 Nc4 (22... g5 $5) 23. f4 Ne3 24. Rxd8
Rxd8 25. e5 Nfd5 {looks good for Black.}) 21... Bxe3 22. Qxe3 Nc4 23. Qe2 b5 $1
{That is the point! Now Black's knight is quite annoying on c4 and White
cannot make progress without taking a lot of risks.} 24. Qc2 (24. Rxd8 Qxd8 25.
Rd1 Qb6 $11) ({The last chance was:} 24. Kh2 $5 Rxd1 (24... Qb6 25. Rxd8 Rxd8
26. e5 Rd2 27. Qe1 Nd5 28. Nxd5 cxd5 29. b3) 25. Rxd1 Nxa3 26. e5 Nc4 27. f4
$44) 24... Qb6 25. Bf1 ({After} 25. Bf1 Qc5 26. b4 Qe5 27. Bxc4 bxc4 {Black's
activity fully compensates for some defects of his pawn struture.}) 1/2-1/2

[Event "New York op"]
[Site "New York"]
[Date "1991.??.??"]
[Round "3"]
[White "Shipman, Walter"]
[Black "Dlugy, Maxim"]
[Result "0-1"]
[WhiteElo "2315"]
[BlackElo "2570"]
[Annotator "Schussler,H"]
[PlyCount "76"]
[EventDate "1991.03.??"]
[EventType "swiss"]
[EventRounds "9"]
[EventCountry "USA"]
[SourceTitle "CBM 023"]
[Source "ChessBase"]
[SourceDate "1991.08.01"]
[SourceVersion "1"]
[SourceVersionDate "1991.08.01"]
[SourceQuality "1"]

1. d4 Nf6 2. g3 d5 3. c4 dxc4 4. Nf3 Nc6 5. Nc3 Bg4 6. Bg2 Bxf3 7. Bxf3 Qd7 8.
O-O Nxd4 9. Bxb7 Rb8 10. Bg2 e5 11. e3 Nb5 12. Nxb5 Qxb5 13. Qc2 Bd6 14. Rd1
O-O 15. Bf1 e4 16. Qxc4 Qf5 17. Qc2 h5 18. Bg2 h4 19. b3 Be5 20. Rb1 Rfe8 21.
Ba3 hxg3 22. hxg3 Qh5 23. Bc5 Re6 24. Bxa7 Rbe8 25. Bd4 Ng4 26. Bxe5 Rxe5 27.
Rd2 Rf5 28. Re1 Qh2+ 29. Kf1 Qxg3 30. Kg1 Qh2+ 31. Kf1 Qh5 32. Qxc7 Nh2+ 33.
Kg1 Nf3+ 34. Bxf3 exf3 35. Qh2 Qg6+ (35... Rg5+ 36. Kh1 Qxh2+ 37. Kxh2 Re6 $19)
36. Kf1 Rh5 37. Qg1 Qxg1+ 38. Kxg1 Re6 0-1

[Event "Hoogovens op"]
[Site "Wijk aan Zee"]
[Date "1993.01.??"]
[Round "10"]
[White "Akopian, Vladimir Eduardovic"]
[Black "Shirov, Alexei"]
[Result "1/2-1/2"]
[WhiteElo "2615"]
[BlackElo "2670"]
[Annotator "Shirov,A"]
[PlyCount "68"]
[EventDate "1993.01.??"]
[EventType "swiss"]
[EventRounds "12"]
[EventCountry "NED"]
[SourceTitle "CBM 034"]
[Source "ChessBase"]
[SourceDate "1993.06.01"]
[SourceVersion "1"]
[SourceVersionDate "1993.06.01"]
[SourceQuality "1"]

1. d4 d5 2. Nf3 Nf6 3. c4 c6 4. Qb3 dxc4 5. Qxc4 Bf5 6. Nc3 Nbd7 7. g3 e6 8.
Bg2 Be7 9. O-O O-O 10. e3 Ne4 11. Qe2 Nxc3 $5 $146 12. bxc3 Be4 13. c4 (13. Rd1
$5 c5 14. a4 $5) 13... c5 $1 (13... Qa5 14. a4 Qa6 $1 15. a5 c5 $10) 14. Rd1
Qc7 (14... Nf6 15. Bb2 Qc7 16. Rac1 {/\ Ne5-d3+/=}) 15. Bb2 Nb6 $5 16. Rac1 Bf6
$1 (16... Rad8 17. Ne5 $1 Bxg2 18. Kxg2 $14 {/\ Qf3} Bf6 19. Ng4 $1) 17. Bf1 $5
(17. Nd2 Bxg2 18. Kxg2 Qc6+ $1 $13 19. Qf3 (19. f3 Rfd8 20. Ne4 Be7 $10) 19...
Qxf3+ 20. Kxf3 cxd4 21. Ne4 (21. exd4 Rac8 {x c4,d4}) 21... dxe3 $1 22. Nxf6+
gxf6 23. Bxf6 exf2 24. Rd4 Rfe8 $1 $13) 17... Na4 (17... Rfd8 18. Nd2 Bc6 19.
Nb3 Na4 20. Ba3 $1) 18. Ba1 (18. Ba3 b6 $1 19. Nd2 Bb7 20. Nb3 Rfd8 $132) 18...
Rfd8 (18... b6 19. Nd2 Bb7 20. Bg2 $1 $14 {xNa4}) 19. Nd2 Bc6 20. Nb3 b6 21. d5
$5 (21. Qg4 $5 Bb7 $1 $13 (21... Qe7 $6 22. d5 exd5 23. cxd5 Bd7 24. Qf4 $14))
21... Bxa1 $8 22. dxc6 Bf6 $8 23. Bg2 Nc3 24. Rxd8+ Rxd8 25. Qc2 Rd6 $1 26. Re1
Rxc6 27. Bxc6 Qxc6 $44 28. Nd2 $1 a6 29. Nb1 Ne4 30. h4 (30. f4 $5 {/\ Qg2} Nd6
$1 31. Nd2 b5 $44) 30... b5 (30... g5 $6 31. Qe2 $1 gxh4 32. Qf3 {xNe4}) (30...
Nd6 31. Rc1 $5 $14) 31. cxb5 axb5 32. Nd2 $1 Nc3 (32... Bc3 $5 33. Qd3 $1 h6
34. Qxe4 Qxe4 35. Nxe4 Bxe1 36. Nxc5 Bb4 37. Nb3 e5 38. e4 {/\ Nc1-d3=}) 33.
Nb1 Ne4 (33... Nd5 $2 34. Rc1 c4 35. a4 $1) 34. Nd2 Nc3 1/2-1/2

[Event "Fujitsu Siemens Giants"]
[Site "Frankfurt"]
[Date "2000.06.22"]
[Round "1"]
[White "Kramnik, Vladimir"]
[Black "Leko, Peter"]
[Result "1/2-1/2"]
[WhiteElo "2758"]
[BlackElo "2725"]
[Annotator "Stohl,I"]
[PlyCount "65"]
[EventDate "2000.06.22"]
[EventType "tourn"]
[EventRounds "10"]
[EventCountry "GER"]
[EventCategory "21"]
[SourceTitle "CBM 078"]
[Source "ChessBase"]
[SourceDate "2000.10.18"]
[SourceVersion "1"]
[SourceVersionDate "2000.10.18"]
[SourceQuality "1"]

1. Nf3 Nf6 2. c4 c5 3. g3 d5 4. d4 dxc4 (4... cxd4 5. Bg2 Nc6 (5... dxc4 $142
6. Nxd4 e5 7. Nb5 $44) 6. Nxd4 Qb6 7. Nxc6 bxc6 8. O-O e6 9. Nc3 Bb4 10. Be3
Qa5 11. Bd4 O-O 12. Bxf6 gxf6 13. cxd5 cxd5 14. e4 Bxc3 15. bxc3 dxe4 16. Qg4+
Kh8 17. Bxe4 Rb8 18. c4 $14 {Loeffler,S-Podlesnik,B/Bled op/2000/} Bb7) 5. Qa4+
Bd7 6. Qxc4 Bc6 7. Bg2 $146 {[%mdl 8] To keep the tension Kramnik comes up
with a novelty compared with his game with Kasparov.} (7. dxc5 Bd5 8. Qa4+ Bc6
9. Qc4 Bd5 10. Qc2 e6 11. Bg2 Be4 12. Qc4 Bd5 13. Qh4 Bxc5 14. Nc3 Bc6 15. O-O
{Kramnik,V-Kasparov,G/Linares/2000/} Nbd7 16. Rd1 Qb6 17. e3 Be7 $11) 7... cxd4
8. O-O Qd5 (8... Nbd7 $5 $11) 9. Na3 $5 (9. Qxd4 e6 $5 (9... Qxd4 10. Nxd4 Bxg2
11. Kxg2 a6 (11... e6 12. Nb5 Na6 13. Be3 $36) 12. Nc3 $32) 10. Nc3 Qxd4 11.
Nxd4 Bxg2 12. Kxg2 Bc5 13. Ndb5 Na6 $11) 9... a6 {This costs time.} (9... e6
10. Qxd5 Bxd5 (10... Nxd5 11. Nxd4 Bxa3 12. bxa3 Nc3 13. Bb2 $36 {/\} Bxg2 14.
Kxg2 Na4 15. Nb5 $16) 11. Nb5 Na6 12. Nfxd4 Bxg2 13. Kxg2 Be7 $11 {/+/=}) 10.
Rd1 $1 e6 (10... Qxc4 11. Nxc4 Nbd7 12. Rxd4 $14) 11. Rxd4 Qxc4 12. Nxc4 Bc5
13. Rd1 Nbd7 14. Bf4 O-O 15. Rac1 $32 {[%csl Rd6] +/= White's forces are more
active and he can invade via d6. But Black's defences are still solid.} Rac8 (
15... Rfd8 16. Bd6 $14 {/\} (16. Bc7 Rdc8 17. Bd6 Ba7 {[%cal Rf6e4] /\Ne4<=>})
16... Ba7 17. Be7 Re8 18. Bxf6 Nxf6 19. Nd6 Re7 20. Ne5 $36) 16. Bd6 Bxd6 17.
Nxd6 Rb8 18. Nd4 (18. Ng5 $5 h6 (18... Bxg2 19. Kxg2 h6 20. Nge4 $36) 19. Nge4
(19. Bxc6 $2 bxc6 20. Ngxf7 Rxb2 $1 $15) 19... Nd5 20. Nc3 $14) 18... Bxg2 19.
Kxg2 Ne5 20. Rc5 (20. Rc7 Nd5 21. Rxb7 Rxb7 22. Nxb7 Rb8 23. e4 Rxb7 24. Nb3 $5
(24. exd5 Rxb2 25. dxe6 fxe6 $11) 24... Rb5 25. exd5 exd5 $11 {[%cal Re5c4,
Ya6a4] /\Nc4,a5-a4<=>}) 20... Nd5 $1 {[]} (20... Rfd8 $2 21. Nxe6 $18) (20...
Ned7 21. Rc7 $16) 21. e4 b6 22. Rcc1 Nb4 23. a3 (23. f4 $5 Ng4 (23... Ned3 24.
Rc3 Nxb2 25. Rd2 Na4 26. Rc4 a5 27. a3 b5 28. N6xb5 $16) 24. Rd2 Nxa2 25. Rc7
$36) 23... Rbd8 $1 (23... Nbd3 $2 24. f4 $1 Nxb2 (24... Nxc1 25. fxe5 Rbc8 (
25... Na2 26. Nc6 Ra8 27. Ra1 $18) 26. Nxc8 Rxc8 27. Nc6 $1 $18) 25. fxe5 Nxd1
26. Rxd1 $16) 24. Nb7 (24. Nxe6 fxe6 25. axb4 Ng4 26. h3 (26. Rc2 $2 Rxf2+ $1
27. Rxf2 Ne3+ $15) 26... Nxf2 (26... Rxf2+ 27. Kg1 $18) 27. Rd2 e5 $1 {/\Rf6}
28. Ra1 Rf6 29. Rxa6 Nxh3 $11 30. Rxb6 $6 Ng5 $36) (24. axb4 Rxd6 $11) 24...
Rd7 25. axb4 Rxb7 26. h3 (26. Nc6 $14) (26. b5 $5 axb5 27. Nxb5 $14 {[%cal
Gc1c8,Gd1d8] <->c,d}) 26... g5 27. f4 (27. Nc6 $142) 27... gxf4 28. gxf4 Ng6
29. Ne2 Rbb8 30. Rd6 (30. Kf3 $5 Rfd8 31. Ke3 $14) 30... Rfd8 $11 31. Rcd1 Rxd6
32. Rxd6 Rc8 $1 33. Rxb6 (33. Rxb6 Rc2 34. Kf3 Nh4+ 35. Ke3 (35. Kf2 Rxb2)
35... Ng2+ 36. Kd3 Ne1+ $11) 1/2-1/2

[Event "Linares 17th"]
[Site "Linares"]
[Date "2000.03.08"]
[Round "8"]
[White "Kramnik, Vladimir"]
[Black "Kasparov, Garry"]
[Result "1/2-1/2"]
[WhiteElo "2758"]
[BlackElo "2851"]
[Annotator "Stohl,I"]
[PlyCount "82"]
[EventDate "2000.02.28"]
[EventType "tourn"]
[EventRounds "10"]
[EventCountry "ESP"]
[EventCategory "21"]
[SourceTitle "CBM 076"]
[Source "ChessBase"]
[SourceDate "2000.05.31"]
[SourceVersion "1"]
[SourceVersionDate "2000.05.31"]
[SourceQuality "1"]

1. Nf3 {Ftacnik} Nf6 2. c4 c5 3. g3 d5 4. d4 $5 {Although this move
objectively doesn't promise White that much it's a relatively fresh new idea.
Previously Kramnik has played this position with the Ns on c3 and c6 many
times.} ({White is not interested in playing against Maroczy-like structure
after e.g.} 4. cxd5 Nxd5 5. Bg2 Nc6 6. Nc3 Nc7 7. d3 e5 8. O-O Be7 9. Nd2 Bd7
10. Nc4 O-O 11. Bxc6 Bxc6 12. Nxe5 Be8 13. Qb3 Bf6 14. Ng4 Bd4 15. e3 Bxc3 16.
Qxc3 b6 17. f3 Bb5 18. Nf2 Qd7 19. e4 Ne6 20. Be3 a5 21. Rad1 Rad8 22. Rd2 Qc6
23. Rc1 Qb7 $44 {Piket,J-Kasparov,G/Kasparov Chess GP/2000/}) 4... dxc4 (4...
cxd4 5. Bg2 (5. Nxd4 $6 e5 6. Nf3 d4 7. Bg2 Nc6 {gives Black an extra tempo
compared to the quite playable lines E01, where he gets his pawn to e5 in 2
moves.}) (5. cxd5 Qxd5 6. Qxd4 Nc6 $11 {is innocuous.}) 5... dxc4 (5... Qa5+ 6.
Nbd2 Nc6 7. O-O e5 $2 8. Nb3 Qd8 9. cxd5 Nxd5 10. Nxe5 $1 Ndb4 11. Nxc6 Nxc6
12. Bxc6+ bxc6 13. Qxd4 Qxd4 14. Nxd4 c5 15. Nc6 Kd7 16. Ne5+ Ke6 17. Nd3 Bd6
18. Be3 c4 19. Nc5+ Bxc5 20. Bxc5 Rd8 21. Bb4 Bb7 22. Bc3 f6 23. Rfd1 Bc6 24.
Ba5 $16 {Topalov,V-Shirov,A/Amber rapid/1999/}) (5... Nc6 6. Nxd4 Qb6 7. Nxc6
bxc6 8. O-O e6 9. Nc3 Bb4 10. Be3 Qa5 11. Bd4 O-O 12. Bxf6 gxf6 13. cxd5 cxd5
14. e4 Bxc3 15. bxc3 dxe4 16. Qg4+ Kh8 17. Bxe4 Rb8 18. c4 f5 19. Qf4 Ba6 20.
Bf3 Qc5 21. Rfd1 Rb2 22. Rd2 $14 {׻,Loeffler,S-Podlesnik,B/Bled op/2000/}) 6.
Nxd4 (6. Qa4+ $6 Nc6 7. O-O (7. Nxd4 Qxd4 8. Bxc6+ Bd7 9. Bxd7+ Qxd7 10. Qxc4
Rc8 $17) 7... Bd7 (7... Nd7 $5 8. Qxc4 Nb6 9. Qb5 a6 10. Qh5 g6 11. Qh4 Bg7 12.
Bh6 O-O 13. Bxg7 Kxg7 14. Ng5 h6 15. Ne4 f5 16. Nc5 Qd6 17. Rc1 e5 18. Nd2 e4
19. b4 Nd5 20. Nc4 Qc7 21. f4 Ncxb4 22. a3 Nc6 23. Nb3 Nc3 24. Bf1 b5 25. Ncd2
Qb6 26. Kh1 Be6 {0-1,Ionescu,M-Vlad,D/Drobeta/1993/}) 8. Qxc4 e5 9. Ng5 Qe7 10.
b3 Na5 11. Qd3 Bc6 12. Ba3 Qd7 13. Bxf8 Rxf8 14. Bxc6 Nxc6 15. Nxh7 Nxh7 16.
Qxh7 O-O-O 17. Nd2 Rh8 18. Qe4 f5 19. Qg2 e4 20. Rfc1 Kb8 $17 {[%csl Gd4,Ge4,
Gf5] ->[+],Horvath,Ju-Karsa,L/HUN-chT/1995/}) 6... e5 7. Nb5 $44) (4... e6 {
leads to Tarrasch-like positions, Kasparov stopped playing this 15 years ago.})
5. Qa4+ Bd7 6. Qxc4 Bc6 $146 {A logical novelty, which however cost kasparov a
lot of time.} (6... cxd4 7. Nxd4 Nc6 8. Bg2 Rc8 9. O-O a6 10. Nc3 e6 11. Nxc6
Bxc6 12. Rd1 Qa5 13. Bf4 Qb4 14. Rd4 Qxc4 15. Rxc4 Be7 16. Bxc6+ Rxc6 17. Rxc6
bxc6 18. Rc1 Kd7 19. e4 c5 20. f3 Kc6 21. Kf1 Nd7 22. Ke2 $14 {[%csl Ra6,Rc5]
ק_|_,Liepnieks,A-Brasket,C/Forth Worth/1951/}) 7. dxc5 ({Risky is} 7. Qxc5 Na6
(7... e6 8. Qc2 Bxf3 9. exf3 Nc6 10. Bb5 Rc8 $44) 8. Qc2 Nb4 9. Qb3 e6 $32 {/\}
10. a3 Rc8 $1 $40) 7... Bd5 (7... Qd5 $5 8. Qxd5 Nxd5 9. Bd2 e6 10. Bg2 Bxc5
$132 {/\} 11. Ne5 Nb4 12. Nxc6 N8xc6 13. Na3 Rd8 $36 {[%cal Gd8d1,Rc5f2,Yc6d4]
<->d,/\Bf2,Nd4} 14. Rc1) 8. Qa4+ Bc6 9. Qc4 Bd5 10. Qc2 e6 (10... Be4 11. Qc3
$5 e6 (11... Nc6 12. Nbd2 $14) 12. Bg5 Nbd7 13. b4 $14) 11. Bg2 Be4 12. Qc4 Bd5
13. Qh4 {Ftacnik: 'Kramnik is one of the few people brave enough to play for
win against Kasparov in the moment, when move repetition was on hand. White
has probably lost too much time to have real aspiration for opening advantage.'
} (13. Qc3 Ne4 $11) 13... Bxc5 14. Nc3 Bc6 15. O-O Be7 $6 {This move loses
time and causes Black problems.} (15... Nbd7 $142 16. Rd1 (16. b4 Be7 17. b5 $4
Bxf3 18. Bxf3 Nd5 $19) 16... Qb6 17. e3 Be7 $11) 16. Rd1 Qa5 (16... Nbd7 $143
17. Ne5 $1 Bxg2 18. Kxg2 Qc7 (18... Nd5 19. Qa4 N5b6 20. Qg4 $40) (18... O-O $2
19. Nxd7 Nxd7 20. Qa4 $18) 19. Nxd7 Nxd7 20. Qa4 $32 {|^}) 17. Bd2 Nbd7 18. g4
$5 {A very demanding move, White uses his lead in development to create
dangerous complications.} (18. Rac1 $14 {promises White some advantage, but
this didn't seem enough to Kramnik.}) (18. Rab1 $5 {/\b4-b5|^ Kramnik}) (18.
Ne4 $6 Qb6 {[%csl Rh4] ףh4 leads nowhere}) 18... h6 19. Qg3 Qa6 20. h4 Qc4 21.
Bf4 Qb4 ({Perhaps less risky was} 21... O-O $5 22. Rac1 Qb4 23. Rd2 Rfd8 (23...
e5 24. Nxe5 Nxe5 25. Bxe5 Qxg4 26. Bxf6 Qxg3 27. fxg3 Bxf6 28. Bxc6 bxc6 29.
Ne4 $16)) (21... g5 22. hxg5 hxg5 23. Be5 (23. Nxg5 Bxg2 24. Kxg2 e5 25. Bxe5
Nxe5 26. Qxe5 Qxg4+ 27. Qg3 Rg8 28. f4 Qxg3+ 29. Kxg3 Nh5+ 30. Kf3 Nxf4 $11)
23... Bxf3 24. Bxf3 Nxe5 25. Qxe5 Qc5 26. Qxc5 Bxc5 27. Na4 $16) 22. a3 $1 Qxb2
23. Nd4 {[%cal Rd1b1] /\Rdb1} g5 $1 {[%mdl 320] Black's Q is in grave danger,
but Kasparov defends resourcefully and creates great tactical complications.} (
23... Bxg2 24. Rdb1 $1 (24. Na4 Qxa1 25. Rxa1 Bd5 26. Nb5 O-O 27. Nac3 Nc5 28.
f3 $14) 24... Ne4 25. Rxb2 Nxg3 26. Kxg2 Bf6 27. Rd1 e5 28. Ndb5 $5 (28. Bxg3
exd4 29. Nd5 $16) 28... exf4 29. Nc7+ Kd8 30. Nxa8 $18) 24. Nxc6 (24. Rdb1 $143
gxf4 25. Qh3 (25. Qd3 $2 Ne5) 25... Bxg2 26. Kxg2 Qd2 27. Rd1 Qb2 28. Na4 Qxa1
29. Rxa1 Rg8 $36) (24. hxg5 {Ftacnik} hxg5 25. Bxg5 Bxg2 26. Kxg2 Qb6 $13)
24... gxf4 (24... bxc6 25. hxg5 hxg5 26. Bxg5 $16) 25. Qd3 bxc6 $8 (25... Nc5
$2 26. Qd4 Nb3 27. Qe5 Nxa1 28. Nxe7 $18 {/\} Kxe7 29. Nd5+) 26. Bxc6 $6 (26.
Rdb1 $142 $1 Ne5 (26... Qxa1 27. Rxa1 Nxg4 28. Bxc6 Rd8 29. Rb1 $1 Bxh4 30. Rb7
Nge5 31. Qb5 $40) 27. Qd4 (27. Bxc6+ $2 Kf8 28. Qh3 Qxa1 29. Rxa1 Nxc6 $17)
27... Qc2 28. Qxe5 O-O 29. g5 Ng4 (29... Nd7 $145 $1 {(Dokhoian)}) 30. Qxf4
Qxc3 31. Qxg4 $14 {[%csl Rg8] עg8}) 26... O-O 27. Bxa8 Ne5 $1 (27... Rxa8 $2
28. Rdb1 Ne5 29. Rxb2 Nxd3 30. Rb7 $1 Kf8 (30... Bc5 $145 $1 {(Dokhoian)} 31.
exd3 Nxg4 32. Ne4 Bb6 $44) 31. exd3 Nxg4 32. Kg2 $16) 28. Qd4 Rxa8 29. Qxe5 Rc8
30. Rac1 Nd5 {This leads to a draw practically by force.} ({An interesting
alternative was} 30... Rc5 $5 31. Qd4 (31. Qxf4 Rxc3 32. Rxc3 Qxc3 33. Rc1 Qh3
34. Rc8+ Kg7 35. g5 Qg4+ $15) 31... Nxg4 (31... e5 $2 32. Qb4 $18) 32. Qxf4
Bxh4 $1 $36) 31. Nxd5 (31. Rb1 Qxc3 32. Rxd5 Qh3 $15) 31... Qxe5 32. Nxe7+ Kg7
(32... Kh7 33. Nxc8 Qxe2 34. g5 Qg4+ 35. Kf1 f3 $44) 33. Rxc8 Qxe2 34. Rg8+ Kf6
35. Rd7 Qe1+ 36. Kg2 Qe4+ 37. Kh2 Qc2 $1 $11 38. Kg2 (38. g5+ hxg5 39. hxg5+
Ke5 $11) 38... Qe4+ 39. Kh2 Qc2 40. g5+ hxg5 41. Rxg5 {/\Ng8#} Qxf2+ (41...
Qxf2+ 42. Kh3 Qf3+ $11) 1/2-1/2

[Event "Nordic zt"]
[Site "Ostersund"]
[Date "1992.??.??"]
[Round "5"]
[White "Agdestein, Simen"]
[Black "Hansen, Lars Bo"]
[Result "1-0"]
[WhiteElo "2600"]
[BlackElo "2510"]
[Annotator "Tisdall,J"]
[PlyCount "65"]
[EventDate "1992.??.??"]
[EventType "swiss"]
[EventRounds "9"]
[EventCountry "NOR"]
[SourceTitle "CBM 031"]
[Source "ChessBase"]
[SourceDate "1992.12.01"]
[SourceVersion "1"]
[SourceVersionDate "1992.12.01"]
[SourceQuality "1"]

1. c4 c6 2. d4 d5 3. Nf3 Nf6 4. Qc2 dxc4 5. Qxc4 Bf5 6. g3 e6 7. Bg2 Nbd7 8.
O-O Be7 9. Nbd2 O-O 10. Qb3 Qb6 $2 {Hansen fails to appreciate the difference
with Agdestein's set-up. With the N on d2, this move allows white to mount
fierce positional pressure.} 11. Nc4 Qa6 (11... Qxb3 12. axb3 {clearly favors
white, who has the a-file, Bf4, Na5 and Nfe5 as easy ways to tighten the
screws.}) 12. Bf4 Be4 13. Bd6 Bxd6 14. Nxd6 Bxf3 15. Bxf3 {With the advantage
of a B v N and the pressure against the queenside, white is already
strategically winning.} c5 16. Nc4 Nd5 17. Rfd1 Rad8 18. a4 {Introducing the
murderous possibility of Qb5.} cxd4 19. Rxd4 Nb8 20. Rad1 Nc6 21. R4d2 Rfe8 22.
Qb5 Rb8 23. e3 Qxb5 24. axb5 Nce7 25. Ra1 Rec8 26. Be2 Nb6 27. b3 Nbd5 28. Rxa7
Nc3 29. Bf3 Ned5 30. b6 Nb5 31. Bxd5 exd5 (31... Nxa7 32. bxa7 Ra8 33. Bxb7)
32. Rxd5 Nc3 33. Rd7 {Agdestein's smoothest performance of the event.} 1-0